Enciclopedia de la música : (Registro nro. 206)

Detalles MARC
000 -Cabecera
Campo de control interno 01034nam a2200229Ia 4500
005 - Fecha y hora del registro
control field 20251203123018.0
008 - Elementos de Longitud Fija
fixed length control field 251203t1944||||xx |||||||||||||| ||spa||
041 ## - Idioma
Codigo Idioma ESP
082 ## - DEWEY y NOTACIÓN INTERNA
Dewey RE 780
Notación Interna M32
100 ## - AUTOR
Autor denominación Mayer-Serra, Otto,
Títulos y otras palabras asociadas con el nombre AUT
245 #0 - TÍTULO DE MATERIAL BIBLIOGRÁFICO
Título Enciclopedia de la música :
Título paralelo traducción y adaptación, con un capítulo original sobre la música hispanoamericana, escrito especialmente para esta edición. Tomo 1-3
250 ## - EDICIÓN
Edición Segunda edición
260 ## - CIUDAD, EDITORIAL, AÑO
Ciudad México, D. F. :
Nombre de la Editorial Editorial Atlante,
Año 1944
300 ## - DESCRIPCIÓN
N° Páginas 375 páginas :
Otros detalles láminas, ilustraciones ;
Dimensiones 23 cm.
Material Adicional
440 ## - MENCIÓN DE SERIE
Título de la Serie
Número de Serie
Volumen de Serie
505 ## - TABLA DE CONTENIDO
Tabla de Contenido Contiene: Tomo 1: Teoria de la música; Historia de la música.- Tomo 2: Panorama de la música hispanoamericana; La música instrumental; El conjunto musical; El canto.- Tomo 3: La música y el teatro; procedimientos musicales mecanico-electricos; Música y sociedad (Sociología de la música).
650 ## - TEMAS
Temas Las Artes
653 ## - DESCRIPTORES
Lenguajes no controlado Música - Enciclopedia
654 ## - PROGRAMAS
Programa Todos los programas
942 ## - ELEMENTOS DE KOHA
Tipo de documento Enciclopedia
Nombre del creador Justo Noguera
Código de catalogador Margarita Torres
Esquema de clasificación Dewey Decimal Classification
Suppress in OPAC
Existencias
Codigo completo Registro Colección Copia número Disponibilidad Tipo de préstamo Biblioteca Actual Procedencia (Biblioteca) Ubicacón Fecha Ingreso Tipo de Adquisición Date last seen Total checkouts Price effective from Tipo de Item Estado del Material Fuente de Clasificación Damaged status Withdrawn status
RE 780 M32 1085075 Colección Vera Bejar 1   Restringido Víctor Andrés Belaunde Víctor Andrés Belaunde Planta baja cerrada 03/10/2025 Donación 03/12/2025   03/12/2025 Enciclopedia Bueno Dewey Decimal Classification   Withdrawn